000 00277nam a2200121Ia 4500
008 190216s9999||||xx |||||||||||||| ||und||
100 _aMishra N
245 4 _aThe Found Of New Works
260 _bAjith Book Center
_c1978
300 _a118p
650 _aEnglish
942 _cBK
999 _c12938
_d12938